000 01103cac a2200277 a 4500
003 Co-PeBPM
005 20241112141118.0
008 231129s1994||||xx a||||||||||||| ||spa||
020 _a844811812X
040 0 _bCo-PeBPM
_aspa
_cCo-PeBPM
_erda
041 _aspa
082 0 4 _a004.6 C653m
100 1 _aCobb, Stephen
245 0 _aManual de seguridad para PC y redes locales
_c/ Stephen Cobb ; traducción José Fernando Bienvenido Bárcena, Alfonso José Bosch Aran ; revisión técnica Antonio Vaquero Sánchez.
260 _cMadrid, España
_a: McGraw-Hill
_b, 1994
300 _axvii, 627páginas
_b: ilustraciones
_c; 23 centímetros
490 _aSerie McGraw-Hill de informática
500 _aIncluye índice.
504 _aIncluye bibliografía.
650 1 4 _2LEMB
_aSeguridad en computadores
_vmanuales
650 1 4 _2LEMB
_aComputadores
_xprotección de información
700 1 _aBienvenido Bárcena, José Fernando
_etraductor
700 1 _aBosch Aran, Alfonso José
_etraductor
700 1 _aVaquero Sánchez, Antonio
_erevisor
942 _2ddc
_cBK
999 _c20454
_d20454